Universal's guide to Delhi Judicial services: (Record no. 87468)

MARC details
000 -LEADER
fixed length control field 00776nam a22002057a 4500
005 - DATE AND TIME OF LATEST TRANSACTION
control field 20140726155126.0
010 ## - LCCN (DPL NO)
LC control number B-538716
020 ## - INTERNATIONAL STANDARD BOOK NUMBER
International Standard Book Number 9789350354483
Terms of availability 695.00
035 ## - SYSTEM CONTROL NUMBER
System control number B-538716
037 ## - SOURCE OF ACQUISITION
Source of stock number/acquisition UBH
082 ## - DEWEY DECIMAL CLASSIFICATION NUMBER
Classification number 000
100 ## - MAIN ENTRY--PERSONAL NAME
Personal name Gupta, Vinay Kumar
245 ## - TITLE STATEMENT
Title Universal's guide to Delhi Judicial services:
Remainder of title preliminary examination/
Statement of responsibility, etc by Vinay Kumar Gupta
250 ## - EDITION STATEMENT
Edition statement 7thed
260 ## - PUBLICATION, DISTRIBUTION, ETC. (IMPRINT)
Place of publication, distribution, etc New Delhi
Name of publisher, distributor, etc Universal Law Publishing
Date of publication, distribution, etc 2014
270 ## - ADDRESS
Address A-58, G.T. Karnal Road Industrial Area
City Delhi
Postal code 110033
Telephone number 011-47082254, 27458529
300 ## - PHYSICAL DESCRIPTION
Extent 804p
Dimensions 24cm(pbk)
942 ## - ADDED ENTRY ELEMENTS (KOHA)
Source of classification or shelving scheme Dewey Decimal Classification
Item type English Books
Classification part 000
Call number suffix GUP
Holdings
Withdrawn status Lost status Not for loan Collection code Home library Current library Date acquired Source of acquisition Cost, normal purchase price Full call number Barcode Copy number Cost, replacement price Koha item type
      Non-fiction Sarojini Nagar Sarojini Nagar 26/07/2014 UBH/109/9.7.14/DPL/ZLS/RP/2014-15/1/17/26.5.14/17.7.14 695.00 000 GUP B-538716 1 695.00 English Books

© Delhi Public Library
Hit Counter
free hit counter